Southville International School and Colleges
Your cart is empty.
  • Cart
  • Lists
    Public lists Eva Luna New books Lux_list list_1
    Your lists Log in to create your own lists
  • Log in to your account
  • Your cookies
  • Search history
Southville International School and Colleges
  • Advanced search
  • Recent comments
  • Most popular
  • Libraries

Log in to your account

Log in with GOOGLE


If you do not have an external account, but do have a local account, you can still log in:

  1. Home
  2. MARC view: Are you the forest king /
Normal view MARC view ISBD view

Are you the forest king / (Record no. 105198)

[ view plain ]
MARC details
000 -LEADER
fixed length control field 00420nam a2200157 a 4500
005 - DATE AND TIME OF LATEST TRANSACTION
control field 20140412111345.0
008 - FIXED-LENGTH DATA ELEMENTS--GENERAL INFORMATION
fixed length control field 041005s19uu xx 00 eng d
020 ## - INTERNATIONAL STANDARD BOOK NUMBER
International Standard Book Number 971-92210-0-3
050 ## - LIBRARY OF CONGRESS CALL NUMBER
Classification number Fil 808.89
Item number V54 2000
100 ## - MAIN ENTRY--PERSONAL NAME
Personal name Reyes, Penny
245 ## - TITLE STATEMENT
Title Are you the forest king /
Statement of responsibility, etc Penny Reyes.
260 ## - PUBLICATION, DISTRIBUTION, ETC. (IMPRINT)
Place of publication, distribution, etc Philippines :
Name of publisher, distributor, etc Pangaea Books,
Date of publication, distribution, etc 2000.
300 ## - PHYSICAL DESCRIPTION
Extent unp.
650 ## - SUBJECT ADDED ENTRY--TOPICAL TERM
Topical term or geographic name as entry element Children stories
Holdings
Withdrawn status Lost status Damaged status Home library Current library Shelving location Date acquired Source of acquisition Total Checkouts Full call number Barcode Date last seen Price effective from Koha item type
      Elizalde Library Elizalde Library Filipiniana Section 10/05/2004     Fil 808.89 V54 2000 E9557 04/12/2014 04/12/2014 Books

Are you the forest king /

APA

Reyes P., . (2000). Are you the forest king. Philippines: Pangaea Books.

Chicago

Reyes Penny, . 2000. Are you the forest king. Philippines: Pangaea Books.

Harvard

Reyes P., . (2000). Are you the forest king. Philippines: Pangaea Books.

MLA

Reyes Penny, . Are you the forest king. Philippines: Pangaea Books. 2000.

  • Place hold
  • Print
  • Cite
  • Add to your cart (remove)
  • Save record
    BIBTEX Dublin Core MARCXML MARC (non-Unicode/MARC-8) MARC (Unicode/UTF-8) MARC (Unicode/UTF-8, Standard) MODS (XML) RIS
  • More searches
    Search for this title in:
    Other Libraries (WorldCat) Other Databases (Google Scholar) Online Stores (Bookfinder.com) Open Library (openlibrary.org)

Exporting to Dublin Core...

SOUTHVILLE LIBRARY

Southville International School and Colleges Library

1281 Tropical Ave. Cor. Luxembourg St., BF Homes International, Las Pinas City

Tel. No. 8256374 / 252358 Loc. 117/146

Powered by Koha